01141cam a2200217 a 4500020001800000020001500018040001000033082002600043245005000069260007700119300003100196500032400227650002800551650001000579700001500589710007500604856005200679942000700731999001700738952016800755 a9789251063248 a9251063249 cNLGGC a631 FOO 2009 A051 Or.10aInduced plant mutations in the genomics era / aRome :bFood and Agricultural Organization of the United Nations,c2009. a458 p. :bill. (some col.) aPapers presented at the International Symposium on Induced Mutations in Plants, held Aug. 12-15, 2008 at the Vienna International Centre, and organized by the International Atomic Energy Agency and the Food and Agriculture Organization, through the Joint FAO/IAEA Division of Nuclear Techniques in Food and Agriculture. 0aPlant mutation breeding 0aCrops1 aShu, Q. Y.2 aJoint FAO/IAEA Division of Nuclear Techniques in Food and Agriculture.41uhttp://www.fao.org/docrep/012/i0956e/I0956e.pdf cEK c14595d14595 0010406631_000000000000000_FOO_2009_A051_OR70966908aLBAbLBAcA051d2017-10-19l1m1o631 FOO 2009 A051 Or.pRUA060360r2018-12-18s2018-11-30w2017-10-19yEK